000
00297nam a22001217a 4500
005
20250911124521.0
008
250911b |||||||| |||| 00| 0 eng d
041
_a
eng
245
_a
PHYSICS: FOR 1 ST SEMESTER FOR CIVIL BRANCH
260
_a
PATNA
_b
ADITYA PRAKASHAN
300
_a
111;P
942
_c
BK
999
_c
8823
_d
8821